Theory Of macroeconomic hysteresis (Record no. 1429118)

MARC details
000 -LEADER
fixed length control field 00553nam a2200193Ia 4500
005 - DATE AND TIME OF LATEST TRANSACTION
control field 20250606103931.0
008 - FIXED-LENGTH DATA ELEMENTS--GENERAL INFORMATION
fixed length control field 008 250516s9999 xx 000 0 eng d
020 ## - INTERNATIONAL STANDARD BOOK NUMBER
International Standard Book Number 9789811290466
040 ## - CATALOGING SOURCE
Language of cataloging eng
Transcribing agency SDCL
041 ## - LANGUAGE CODE
Language code of text/sound track or separate title eng
Source of code eng
084 ## - COLON CLASSIFICATION NUMBER
Classification number X:72 R4
100 ## - MAIN ENTRY--PERSONAL NAME
Personal name Mayergoyz, Isaak D.
245 #0 - TITLE STATEMENT
Title Theory Of macroeconomic hysteresis
260 ## - PUBLICATION, DISTRIBUTION, ETC.
Place of publication, distribution, etc. Chennai :
Name of publisher, distributor, etc. World Scientific Publishing,
Date of publication, distribution, etc. 2024.
300 ## - PHYSICAL DESCRIPTION
Extent x, 200p.
650 ## - SUBJECT ADDED ENTRY--TOPICAL TERM
Topical term or geographic name entry element Business Economics and Finance
700 ## - ADDED ENTRY--PERSONAL NAME
Personal name Korman, Can E
942 ## - ADDED ENTRY ELEMENTS (KOHA)
Koha item type Textual
Source of classification or shelving scheme Colon Classification (CC)
100 ## - MAIN ENTRY--PERSONAL NAME
-- 809389
650 ## - SUBJECT ADDED ENTRY--TOPICAL TERM
-- 811996
700 ## - ADDED ENTRY--PERSONAL NAME
-- 809390
999 ## -
-- 1429118
-- 1429118
Holdings
Withdrawn status Lost status Source of classification or shelving scheme Damaged status Not for loan Home library Current library Date acquired Source of acquisition Inventory number Total checkouts Full call number Barcode Date last seen Price effective from Koha item type
    Colon Classification (CC)     South Campus Library South Campus Library 2025-05-22 Shivam Book Service 116, 02/01/2025   X:72 R4 SC1690964 2025-05-22 2025-05-22 Textual
Copyright @ Delhi University Library System